| 000 | 004820000a22001930004500 | ||
|---|---|---|---|
| 001 | 002897 | ||
| 003 | MACL | ||
| 005 | 20150730153613.0 | ||
| 008 | 150730b xxu||||| |||| 00| 0 eng d | ||
| 040 |
_aMACL _cMACL |
||
| 041 | _aEnglish | ||
| 082 | _a291/BAN | ||
| 100 |
_aBanerjee, Bimal Kumar _93494 |
||
| 245 |
_aFifty one Saints Of India _cBimal Kumar Banerjee |
||
| 260 |
_aKolkata _c2007 _bRita Benerjee, |
||
| 350 | _a150 | ||
| 650 |
_aReligion _93495 |
||
| 942 |
_k291 _cBK _2ddc |
||
| 999 |
_c14804 _d14804 |
||